Music Quiz

Random Music or Kpop Quiz

B.A.P members: Eyes, Nose, Lips & ear Quiz Stats

Quiz not verified by Sporcle

Challenge
Share
Tweet
Score 0/24 Timer 12:00
1 Play Today
% Correct
Daehyun
97.7%
Youngjae
96.6%
Himchan
96.2%
Yongguk
95.8%
Zelo
95.4%
Jongup
95.2%
Yongguk
94.8%
Himchan
93.5%
Himchan
93.3%
Jongup
93%
Jongup
92.9%
Zelo
92.4%
% Correct
Zelo
92.2%
Youngjae
92.1%
Zelo
91%
Daehyun
90.9%
Yongguk
90.8%
Jongup
90.8%
Yongguk
90.5%
Daehyun
90.2%
Himchan
90.2%
Youngjae
89.4%
Youngjae
89.3%
Daehyun
89.1%

You're not logged in!

Compare scores with friends on all Sporcle quizzes.
Sign Up with Email
OR
Log In

You Might Also Like...

Show Comments

Extras

Top Quizzes Today


Score Distribution

Your Account Isn't Verified!

In order to create a playlist on Sporcle, you need to verify the email address you used during registration. Go to your Sporcle Settings to finish the process.

Report this User

Report this user for behavior that violates our Community Guidelines.

Details: